Cyclistes par images - Statistiques

Statistiques générales
  • Ce quiz a été pris 39 fois
  • Le résultat moyen est 9 sur 16
Statistiques - réponses
Par images Réponse % Correct
Eddy Merckx
94%
Mathieu van der Poel
94%
Remco Evenepoel
94%
Bernard Hinault
89%
Primož Roglič
89%
Miguel Indurain
67%
Tom Boonen
64%
Jacques Anquetil
61%
Fausto Coppi
58%
Tim Wellens
58%
Alfredo Binda
39%
Sean Kelly
28%
Roger De Vlaeminck
17%
Roberto Heras
8%
José Antonio González Linares
3%
Pascal Lance
3%
Aucun quiz correspondant
Distribution des résultats
% des personnes avec chaque résultat
Percentile par nombre de réponses
Votre historique - résultats
Vous n’avez pas pris ce quiz